Los 20 jugadores con más puntos en La Liga Fantasy en 2025 - Estadísticas

Estadísticas generales
  • Esta prueba ha sido intentada 35 veces
  • La puntuación promedio es 15 de 20
Estadísticas de respuestas
Puntos Equipo Jugador % Correcto
223 Real Madrid Kylian Mbappé
100%
172 FC Barcelona Lamine Yamal
100%
139 Real Madrid Vinicius Jr.
97%
132 Atlético Madrid Julián Álvarez
93%
116 FC Barcelona Pedri
90%
141 Real Oviedo Aarón Escandell
83%
111 Real Madrid Jude Bellingham
83%
134 Real Madrid Arda Güler
80%
123 Real Madrid Thibaut Courtois
80%
122 FC Barcelona Ferran Torres
70%
130 Real Betis Pablo Fornals
70%
113 Real Betis Cucho
67%
112 Getafe Luis Milla
67%
127 Osasuna Sergio Herrera
67%
110 Atlético Madrid Jan Oblak
63%
112 Villarreal Alberto Moleiro
60%
119 Espanyol Marko Dmitrovic
57%
110 Rayo Vallecano Augusto Batalla
50%
112 Espanyol Edu Expósito
50%
123 Celta de Vigo Ionut Radu
47%
No se encontraron pruebas coincidentes
Distribución de puntuación
Porcentaje de gente con cada puntuación
Porcentaje por número respondido
Historial de tus puntuaciones
No has intentado esta prueba.